000 00540nam a2200181Ia 4500
003 GCL
008 140319s9999 xx 000 0 ara d
040 _aGCL /
_cGCL
082 0 4 _a953.071
_bح م
100 1 _aحسين يوسف دويدار
245 1 0 _aالمسلمون المدجنون فى الاندلس /
_cحسين يوسف دويدار
300 _a69 ص
490 _a100 قصة
_v0
650 0 4 _aالاندلس
650 0 4 _aالتاريخ الاسلامى
650 0 4 _aالحضارة الاسلامية
942 _2ddc
_cBK
999 _c43569
_d43569